La alegoría en los autos y farsas anteriores a Calderón / (Record no. 65001)

MARC details
000 -LEADER
campo de control de longitud fija 00442nam a2200145 i 4500
001 - NÚMERO DE CONTROL
campo de control 65001
003 - IDENTIFICADOR DE NÚMERO DE CONTROL
campo de control ES-MaACL
007 - CAMPO FIJO DE DESCRIPCIÓN FÍSICA--INFORMACIÓN GENERAL
campo de control de longitud fija t|
008 - DATOS DE LONGITUD FIJA--INFORMACIÓN GENERAL
campo de control de longitud fija 040108s1977 xxk ||||1| spa d
100 1# - ENTRADA PRINCIPAL--NOMBRE DE PERSONA
Nombre de persona Fothergill-Payne, Louise.
9 (RLIN) 51913
245 13 - MENCIÓN DEL TÍTULO
Título La alegoría en los autos y farsas anteriores a Calderón /
Mención de responsabilidad, etc. Louise Fothergill-Payne.
260 ## - PUBLICACIÓN, DISTRIBUCIÓN, ETC.
Lugar de publicación, distribución, etc. London :
Nombre del editor, distribuidor, etc. Tamesis Books,
Fecha de publicación, distribución, etc. [1977]
300 ## - DESCRIPCIÓN FÍSICA
Extensión 223 p. ;
Dimensiones 24 cm.
852 ## - LOCALIZACIÓN
Ubicación ES-MaACL
Número de control de estantería L-374
Sublocalización o colección R.100754
Holdings
Estatus retirado Estado de pérdida Estado de daño No para préstamo Biblioteca de origen Biblioteca actual Ubicación en estantería Fecha de adquisición Fuente de adquisición Total de préstamos Signatura topográfica completa Código de barras Visto por última vez Precio de reemplazo Tipo de ítem Koha
        Biblioteca del Ateneo de Madrid Biblioteca del Ateneo de Madrid Depósito 2 17/01/2008     L-374 1068105 23/02/2023 23/02/2023 Libro impreso